বাংলাদেশে আরবী সাহিত্য গবেষণা (১৯৭১-২০১২) = Research on Arabic literature in Bangladesh (1971-2012): (Record no. 77790)
[ view plain ]
| 000 -LEADER | |
|---|---|
| fixed length control field | 01666nam a2200253 a 4500 |
| 001 - CONTROL NUMBER | |
| control field | 77790 |
| 003 - CONTROL NUMBER IDENTIFIER | |
| rucl marc code | BD-RjUL |
| 005 - DATE AND TIME OF LATEST TRANSACTION | |
| control field | 20211209083027.0 |
| 008 - FIXED-LENGTH DATA ELEMENTS--GENERAL INFORMATION | |
| fixed length control field | 210113s2018 bg ||||| m||| 00| 0 ben d |
| 035 ## - SYSTEM CONTROL NUMBER | |
| System control number | (BD-RjUL)78016 |
| 040 ## - CATALOGING SOURCE | |
| Original cataloging agency | BD-RjUL |
| Language of cataloging | ben /eng |
| Transcribing agency | BD-RjUL |
| Modifying agency | BD-RjUL |
| 082 ## - DEWEY DECIMAL CLASSIFICATION NUMBER | |
| Classification number | 892.7072 |
| Author mark and year | HAB 2018 |
| Edition number | 23 |
| 100 ## - MAIN ENTRY--PERSONAL NAME | |
| Personal name | হক, মো. জিয়াউল |
| 9 (RLIN) | 243552 |
| 245 10 - TITLE STATEMENT | |
| Title | বাংলাদেশে আরবী সাহিত্য গবেষণা (১৯৭১-২০১২) = Research on Arabic literature in Bangladesh (1971-2012): |
| Remainder of title | পর্যালোচনা ও মূল্যায়ন = An Overview and Evaluation / |
| Statement of responsibility, etc. | মো. জিয়াউল হক ; |
| Linkage | সুপারভাইজার : মো. জাহিদুল ইসলাম |
| 246 ## - VARYING FORM OF TITLE | |
| Title proper/short title | Research on Arabic literature in Bangladesh (1971-2012) : |
| Remainder of title | An Overview and Evaluation |
| 260 ## - PUBLICATION, DISTRIBUTION, ETC. (IMPRINT) | |
| Place of publication, distribution, etc. | রাজশাহী : |
| Name of publisher, distributor, etc. | আরবী বিভাগ, রাজশাহী বিশ্ববিদ্যাল, |
| Date of publication, distribution, etc. | ২০১৮ |
| 300 ## - PHYSICAL DESCRIPTION | |
| Pagination | x, ৪৮৭ পাতা ; |
| Size | ২৯ সেমি. |
| 502 ## - DISSERTATION NOTE | |
| Dissertation note | থিসিস (পিএইচ. ডি) -- আরবী বিভাগ, রাজশাহী বিশ্ববিদ্যাল, ২০১৮ |
| 504 ## - BIBLIOGRAPHY, ETC. NOTE | |
| Bibliography, etc | গ্রন্থপঞ্জি : পাতা [৪৭৫]-৪৮৭ |
| 650 ## - SUBJECT ADDED ENTRY--TOPICAL TERM | |
| Topical term or geographic name as entry element | আরবী সাহিত্য |
| General subdivision | গবেষণা |
| Geographic subdivision | বাংলাদেশ |
| Chronological subdivision | ১৯৭১-২০১২ |
| 9 (RLIN) | 243553 |
| Topical term or geographic name as entry element | Arabic Literature |
| General subdivision | Research |
| Geographic subdivision | Bangladesh |
| Chronological subdivision | 1971-2012 |
| 9 (RLIN) | 243554 |
| 700 ## - ADDED ENTRY--PERSONAL NAME | |
| Personal name | ইসলাম, মো. জাহিদুল, সুপারভাইজার |
| 942 ## - ADDED ENTRY ELEMENTS (KOHA) | |
| Source of classification or shelving scheme | Dewey Decimal Classification |
| Koha item type | Theses |
| Lost status | Source of classification or shelving scheme | Damaged status | Not for loan | Collection code | Permanent Location | Current Location | Shelving location | Date acquired | Source of acquisition | Total Checkouts | Full call number | Date last seen | Copy number | Koha item type |
|---|---|---|---|---|---|---|---|---|---|---|---|---|---|---|
| Dewey Decimal Classification | Not For Loan | Theses | Central Library, University of Rajshahi | Central Library, University of Rajshahi | Documentation Section | 06/08/2019 | Controller of Exam., R.U. | BTHE 892.7072 HAB 2018 | 13/01/2021 | C-1 | Theses |